书目信息 |
| 题名: |
春去春又来
|
|
| 作者: | 金基德 著 ;申玉芬 , 金文英 , 安胜熙 , 安胜熙 译 | |
| 分册: | ||
| 出版信息: | 北京 作家出版社 2005.05 |
|
| 页数: | 155页 | |
| 开本: | 20cm | |
| 丛书名: | ||
| 单 册: | ||
| 中图分类: | I312.645 | |
| 科图分类: | ||
| 主题词: | 中篇小说--韩国--现代 | |
| 电子资源: | ||
| ISBN: | 7-5063-3256-6 | |
| 000 | 00974nam0 2200265 450 | |
| 001 | 1064445781 | |
| 005 | 20100715180422.79 | |
| 010 | @a7-5063-3256-6@dCNY28.00 | |
| 100 | @a20100515d2005 km y0chiy0120 ea | |
| 101 | 1 | @achi@ckor |
| 102 | @aCN@b110000 | |
| 105 | @ay z 000ay | |
| 200 | 1 | @a春去春又来@Achun qu chun you lai@f(韩) 金基德著@g(韩) 金文英撰文@F(han)jin ji de zhu@g(韩) 安胜熙绘图@g申玉芬译@G(han)jin wen ying zhuan wen@G(han)an sheng xi hui tu |
| 210 | @a北京@c作家出版社@d2005.05 | |
| 215 | @a155页@d20cm | |
| 330 | @a美丽的传说交织一副山水似幻,入历恬静而成熟的意境。冲突激昂,跌宕起伏,终指向善美之道。这就是四季——春天去了还会再来。 | |
| 606 | 0 | @a中篇小说@y韩国@z现代 |
| 690 | @aI312.645@v4 | |
| 701 | 0 | @a金基德@Ajin ji de@4著 |
| 702 | 0 | @a申玉芬@Ashen yu fen@4译 |
| 702 | 0 | @a金文英@Ajin wen ying@4撰文 |
| 702 | 0 | @a安胜熙@Aan sheng xi@4绘图 |
| 702 | 0 | @a安胜熙@Aan sheng xi@4绘图 |
| 801 | 0 | @aCN@c20100515 |
| 905 | @dI312.645@eJ770@f3 | |
| 春去春又来/(韩) 金基德著/(韩) 金文英撰文/(韩) 安胜熙绘图/申玉芬译.-北京:作家出版社,2005.05 |
| 155页;20cm |
| ISBN 7-5063-3256-6:CNY28.00 |
| 美丽的传说交织一副山水似幻,入历恬静而成熟的意境。冲突激昂,跌宕起伏,终指向善美之道。这就是四季——春天去了还会再来。 |
| ● |
| 相关链接 |
|
|
|
正题名:春去春又来
索取号:I312.645/J770
 
预约/预借
| 序号 | 登录号 | 条形码 | 馆藏地/架位号 | 状态 | 备注 |
| 1 | 992256 | 209922565 | 文学库116/ [索取号:I312.645/J770] | 在馆 | |
| 2 | 992257 | 209922574 | 社科二线400B/400B社科库 27排4列3层/ [索取号:I312.645/J770] | 在馆 | |
| 3 | 992258 | 209922583 | 文学库116/ [索取号:I312.645/J770] | 在馆 |